(ہند کے انگریز حکمران لارڈ ڈلہوزی)Hind kay angraiz hukmaraan Lord Dalhozi 1848-1856 (Urdu) (Record no. 65477)
[ view plain ]
| 000 -LEADER | |
|---|---|
| fixed length control field | 00697nam a2200217Ia 4500 |
| 001 - CONTROL NUMBER | |
| control field | 64328 |
| 003 - CONTROL NUMBER IDENTIFIER | |
| control field | OSt |
| 005 - DATE AND TIME OF LATEST TRANSACTION | |
| control field | 20160419113344.0 |
| 008 - FIXED-LENGTH DATA ELEMENTS--GENERAL INFORMATION | |
| fixed length control field | 150204s9999 xx 000 0 und d |
| 020 ## - INTERNATIONAL STANDARD BOOK NUMBER | |
| International Standard Book Number | NA |
| 040 ## - CATALOGING SOURCE | |
| Transcribing agency | PK-LaUMT |
| 082 ## - DEWEY DECIMAL CLASSIFICATION NUMBER | |
| Classification number | 954.0316 |
| Item number | MOL-H |
| 100 ## - MAIN ENTRY--PERSONAL NAME | |
| Personal name | Molison, G. B. |
| 245 ## - TITLE STATEMENT | |
| Title | (ہند کے انگریز حکمران لارڈ ڈلہوزی)Hind kay angraiz hukmaraan Lord Dalhozi 1848-1856 (Urdu) |
| Statement of responsibility, etc | (مولسن جی بی ) (ابن حسن)Molison, G. B.|Ibn Hassan |
| 260 ## - PUBLICATION, DISTRIBUTION, ETC. (IMPRINT) | |
| Place of publication, distribution, etc | (لاہور،پاکستان)Lahore,Pakistan: |
| Name of publisher, distributor, etc | (تخلیقات)Takhleqaat, |
| Date of publication, distribution, etc | 2005 |
| 300 ## - PHYSICAL DESCRIPTION | |
| Extent | 190 p. |
| 546 ## - LANGUAGE NOTE | |
| Language note | UR |
| 650 ## - SUBJECT ADDED ENTRY--TOPICAL TERM | |
| Topical term or geographic name as entry element | Lord Dalhozi |
| 700 ## - ADDED ENTRY--PERSONAL NAME | |
| Personal name | Ibn Hassan |
| 942 ## - ADDED ENTRY ELEMENTS (KOHA) | |
| Koha item type | Books |
| Source of classification or shelving scheme | Dewey Decimal Classification |
| Withdrawn status | Lost status | Damaged status | Not for loan | Home library | Current library | Date acquired | Total Checkouts | Full call number | Barcode | Date last seen | Price effective from | Koha item type |
|---|---|---|---|---|---|---|---|---|---|---|---|---|
| UMT Main Campus | UMT Main Campus | 2015-02-04 | 954.0316 MOL-H | 88402 | 2015-02-04 | 2015-02-04 | Books |
